The early Middle Ages, 500-1000.

محفوظ في:

المؤلف الرئيسي: Brentano, Robert, 1926-2002 (مؤلف)

التنسيق: كتاب

اللغة: English

منشور في: [New York] : Free Press of Glencoe, [1964].

سلاسل: Sources in western civilization ; 4.

الموضوعات:

الوسوم: إضافة وسم

لا توجد وسوم, كن أول من يضع وسما على هذه التسجيلة!

رقم الطلب: D113.5 .B7 1964

LEADER 00667nam a22002291 4500
001 70
003 OSt
005 20251120135946.0
008 130303s1964 nyu 000 0 eng d
010 |a 64021204 
040 |c ARCE Library 
050 4 |a D113.5 .B7 1964 
100 1 |a Brentano, Robert,  |d 1926-2002,  |e author 
245 1 4 |a The early Middle Ages, 500-1000. 
264 1 |a [New York] :  |b Free Press of Glencoe,  |c [1964]. 
300 |a viii, 306 pages ;  |c 21 cm. 
490 1 |a Sources in Western civilization ;   |v 4. 
650 0 |a Middle Ages   |x History   |v Sources. 
830 0 |a Sources in western civilization ;   |v 4. 
901 |a reviewed 
942 |c BK  |2 lcc 
999 |c 9769  |d 9769